MARC

LEADER 00000nam0a2200000 4500
001 247662
005 20231101232322.0
010 |a 5288002436 
035 |a (RuTPU)RU\TPU\book\269238 
090 |a 247662 
100 |a 20140113d1988 km y0rusy50 ca 
101 0 |a rus 
102 |a RU 
105 |a ac z 001zb 
200 1 |a Судьба двух открытий. Очерк о Евгении Федоровиче Гроссе  |f Б. В. Новиков, Е. О. Чернышева  |g Ленинградский государственный университет (ЛГУ) 
210 |a Ленинград  |c Изд-во Ленинградского ун-та  |d 1988 
215 |a 104 с.  |c ил. 
320 |a Библиогр.: с. 98-101. 
600 1 |a Гросс  |b Е. Ф.  |c российский физик  |f 1897-1972  |g Евгений Федорович  |2 stltpush  |3 (RuTPU)RU\TPU\pers\13374  |9 4029 
606 1 |a Физика  |2 stltpush  |3 (RuTPU)RU\TPU\subj\63709  |9 80688 
610 1 |a история 
610 1 |a персоналии 
610 1 |a биографии 
610 1 |a научная деятельность 
610 1 |a экситоны 
610 1 |a линии Рэлея 
610 1 |a физики 
610 1 |a свет 
610 1 |a рассеяние 
610 1 |a оптические спектры 
675 |a 53(092)  |v 3 
700 1 |a Новиков  |b Б. В.  |g Борис Владимирович 
701 1 |a Чернышева  |b Е. О.  |g Елена Олеговна 
712 0 2 |a Ленинградский государственный университет (ЛГУ)  |c (1924-1991)  |2 stltpush  |3 (RuTPU)RU\TPU\col\77 
801 1 |a RU  |b 63413507  |c 20140113 
801 2 |a RU  |b 63413507  |c 20191106  |g RCR 
942 |c BK